Indusrial Marketing Analysis Planning & Contral (Record no. 497)

MARC details
000 -LEADER
fixed length control field 00468nam a22001697a 4500
005 - DATE AND TIME OF LATEST TRANSACTION
control field 20160503125035.0
008 - FIXED-LENGTH DATA ELEMENTS--GENERAL INFORMATION
fixed length control field 160503b xxu||||| |||| 00| 0 eng d
020 ## - INTERNATIONAL STANDARD BOOK NUMBER
ISBN 81-203-1245-7
041 ## - LANGUAGE CODE
Language code of text/sound track or separate title eng
082 ## - DEWEY DECIMAL CLASSIFICATION NUMBER
Item number 1219
100 ## - MAIN ENTRY--AUTHOR NAME
Personal name Reeder Robert R. Edwarder Brierty Reeder H. Betty
245 ## - TITLE STATEMENT
Title Indusrial Marketing Analysis Planning & Contral
260 ## - PUBLICATION, DISTRIBUTION, ETC. (IMPRINT)
Place of publication New Delhi
Name of publisher Prentice hall of India,
Year of publication 1991
300 ## - PHYSICAL DESCRIPTION
Number of Pages 669
650 ## - SUBJECT ADDED ENTRY--TOPICAL TERM
Topical Term Management
942 ## - ADDED ENTRY ELEMENTS (KOHA)
Koha item type Books
Holdings
Lost status Damaged status Collection code Home library Current library Shelving location Date acquired Cost, normal purchase price Full call number Accession Number Koha item type
    MANAGEMENT JRU Library JRU Library SHELF -72- F 03/05/2016 250.00 1219 1219 Books